书目信息 |
| 题名: |
白狗秋千架
|
|
| 作者: | 莫言 著 | |
| 分册: | ||
| 出版信息: | 北京 作家出版社 2012.11 |
|
| 页数: | 473页 | |
| 开本: | 23cm | |
| 丛书名: | 莫言文集 | |
| 单 册: | ||
| 中图分类: | I247.7 , I217.2 | |
| 科图分类: | ||
| 主题词: | 短篇小说--小说集--中国--当代 , 短篇小说 , 文学--作品集--中国 | |
| 电子资源: | ||
| ISBN: | 978-7-5063-6694-6 | |
| 000 | 00940oam2 2200289 450 | |
| 001 | 010010106758 | |
| 005 | 20130422161608.98 | |
| 010 | @a978-7-5063-6694-6@dCNY35.00,CNY700.00(全20册) | |
| 100 | @a20121119d2012 em y0chiy50 ea | |
| 101 | 0 | @achi |
| 102 | @aCN@b110000 | |
| 105 | @ay z 000ay | |
| 106 | @ar | |
| 200 | 1 | @a白狗秋千架@9bai gou qiu qian jia@f莫言著 |
| 210 | @a北京@c作家出版社@d2012.11 | |
| 215 | @a473页@d23cm | |
| 225 | 2 | @a莫言文集 |
| 330 | @a本书收录了作者1981年至1889年创作发表的三十篇短篇小说,其中包括《春夜雨霏霏》、《丑兵》、《因为孩子》、《黑沙滩》、《大风》、《五个饽饽》、《养猫专业户》等。 | |
| 461 | 0 | @12001 @a莫言文集 |
| 606 | 0 | @a短篇小说@x小说集@y中国@z当代 |
| 606 | 0 | @a短篇小说 |
| 606 | 0 | @a文学@x作品集@x中国 |
| 690 | @aI247.7@v5 | |
| 690 | @aI217.2@v4 | |
| 701 | 0 | @a莫言@9mo yan@f(1955-)@4著 |
| 801 | 0 | @aCN@bRENTIAN@c20121119 |
| 905 | @b541931-33@dI217.2@e656:15@f3@xCNY35.00 | |
| 白狗秋千架/莫言著.-北京:作家出版社,2012.11 |
| 473页;23cm.-(莫言文集) |
| ISBN 978-7-5063-6694-6:CNY35.00,CNY700.00(全20册) |
| 本书收录了作者1981年至1889年创作发表的三十篇短篇小说,其中包括《春夜雨霏霏》、《丑兵》、《因为孩子》、《黑沙滩》、《大风》、《五个饽饽》、《养猫专业户》等。 |
| ● |
| 相关链接 |
|
|
|
|
正题名:白狗秋千架
索取号:I217.2/656:15
 
预约/预借
| 序号 | 登录号 | 条形码 | 馆藏地/架位号 | 状态 | 备注 |
| 1 | 0541931 | 205419313 | 第一样本阅览室/ [索取号:I217.2/656:15] | 在馆 | |
| 2 | 0541932 | 205419322 | 第二借阅区/ [索取号:I217.2/656:15] |
已借出,限还日期为2026.04.26 借出人:李曼 |
|
| 3 | 0541933 | 205419331 | 第二借阅区/ [索取号:I217.2/656:15] | 在馆 |